Science - Biology | 1 | 5 | 0 | 0 | 65 | 61 | 89.00 | 0 | 0 |
Fine Arts - Music | 1 | 3 | 0 | 0 | 45 | 55 | 101.50 | 0 | 0 |
Science - Chemistry | 0 | 4 | 0 | 0 | 40 | 75 | 92.50 | 0 | 0 |
Science - Engineering and Miscellaneous | 0 | 3 | 0 | 0 | 30 | 95 | 103.00 | 0 | 0 |
Fine Arts - Opera | 1 | 0 | 0 | 0 | 15 | 44 | 44.00 | 0 | 1 |
Social Science - Other | 1 | 0 | 0 | 0 | 15 | 39 | 39.00 | 0 | 0 |
Fine Arts - Ballet/Dance | 0 | 1 | 0 | 0 | 10 | 132 | 132.00 | 0 | 0 |
Fine Arts - Painting | 0 | 1 | 0 | 0 | 10 | 70 | 70.00 | 0 | 0 |
Geography - World | 0 | 1 | 0 | 0 | 10 | 97 | 97.00 | 0 | 0 |
Other - Other Academic and General Knowledge | 0 | 1 | 0 | 0 | 10 | 93 | 93.00 | 0 | 0 |
RMP - Philosophy | 0 | 1 | 0 | 0 | 10 | 109 | 109.00 | 0 | 0 |
Science - Math | 0 | 1 | 0 | 0 | 10 | 87 | 87.00 | 0 | 0 |
Science - Physics | 0 | 1 | 0 | 0 | 10 | 110 | 110.00 | 0 | 0 |
Fine Arts - Jazz | 0 | 0 | 0 | 0 | 0 | | 0.00 | 0 | 0 |
Fine Arts - Film | 0 | 0 | 0 | 0 | 0 | | 0.00 | 0 | 0 |
Literature - American | 0 | 0 | 0 | 0 | 0 | | 0.00 | 0 | 0 |
History - American | 0 | 0 | 0 | 0 | 0 | | 0.00 | 0 | 0 |